000 00381nam a22001217a 4500
040 _cRUA
082 _aANN OUK​ 2013 A.126 Or.1
100 _aOUK MAKARA, អ៊ុក ម៉ាការា
245 _aAnnual Report, របាយការណ៍ប្រចាំឆ្នាំ ២០១៣
260 _aPHNOM PENH
_bRUA
_c20213
300 _aviii,
_bill,
_c29cm,
942 _cREC
999 _c25175
_d25175